Lokálne ekonomické vplyvy výdavkov študentov. Prípadová štúdia EU v Bratislave
Výška a štruktúra lokálnych výdavkov študentov Ekonomickej univerzity v Bratislave. Výsledky výskumu, ktorý sa opiera o údaje získané prostredníctvom dotazníkového prieskumu 628 denných študentov študujúcich na Ekonomickej univerzite v Bratislave. Analýza ukázala, že študenti priemerne disponujú roz...
Salvato in:
| Autore principale: | |
|---|---|
| Altri autori: | |
| Natura: | Capitolo di libro |
| Lingua: | slovacco |
| Soggetti: | |
| Tags: |
Nessun Tag, puoi essere il primo ad aggiungerne!!
|
MARC
| LEADER | 00000nla a2200000 4500 | ||
|---|---|---|---|
| 001 | 0175619 | ||
| 005 | 20240502073009.7 | ||
| 041 | 0 | |a slo | |
| 044 | |a SK | ||
| 245 | 1 | 0 | |a Lokálne ekonomické vplyvy výdavkov študentov. Prípadová štúdia EU v Bratislave |c Štefan Rehák, Lukáš Sekelský |
| 520 | |a Výška a štruktúra lokálnych výdavkov študentov Ekonomickej univerzity v Bratislave. Výsledky výskumu, ktorý sa opiera o údaje získané prostredníctvom dotazníkového prieskumu 628 denných študentov študujúcich na Ekonomickej univerzite v Bratislave. Analýza ukázala, že študenti priemerne disponujú rozpočtom okolo 259 Eur, z čoho minú najviac na bývanie a potraviny. | ||
| 610 | 2 | 0 | |a výdavky |
| 610 | 2 | 0 | |a študenti |
| 610 | 2 | 0 | |a mestá |
| 610 | 2 | 0 | |a výskum |
| 100 | 1 | |a Rehák, Štefan, 1974- | |
| 700 | 1 | |a Sekelský, Lukáš | |